000 00908nam a2200217Ii 4500
003 JO-AjNU
008 230605s9999||||xx |||||||||||||| ||und||
017 _a2004/12/4882
040 _aJO-AjNU
_bara
_erda
_cJO-AjNU
041 _aara
050 1 4 _aKMM467.3.R32.2005
100 3 _aاعداد وتأليف، عبد الكريم الردايدة ,
_eauthor
_921418
245 0 0 _aالجامع الشرطي في إجراءات التحقيق الجنائي وأعمال الضابطة العدلية
250 _aط1
264 3 1 _aعمان : عبد الكريم الردايدة ، 2005
300 _a426ص
336 _atext
_btxt
_2rdacontent
337 _aunmediated
_bn
_2rdamedia
338 _avolume
_bnc
_2rdacarrier
650 4 _a التحقيق الجنائي -- الأردن -- البحث الجنائي -- الأردن -- قانون الإجراءات الجنائية -- الأردن
_921419
999 _aA7436
_c11004
_d11004